000 00728nam a2200205 4500
001 145370
003 ES-MaACL
007 t|
008 070214s1949 sp r ||||1| spa d
100 1 _aSpecthrie, Samuel Waldo.
_9107664
245 1 0 _aContabilidad industrial /
_cSamuel Waldo Specthrie ; traducción de Jorge Serra Murtra ; bajo la dirección de Fernando Boter Mauri.
260 _aBarcelona :
_bLabor,
_c1949.
300 _aXVI, 228 p. :
_bil. ;
_c23 cm.
490 1 _aBiblioteca de comercio labor
700 1 _aSerra Murtra, Jorge.
_9105646
700 1 _aBoter Mauri, Fernando.
_930764
830 0 0 _aBiblioteca de comercio Labor
_9187253
852 _aES-MaACL
_jB-1884
_bR.28881
999 _c145370
_d145370